<?xml version="1.0" encoding="UTF-8"?>
<record
    xmlns:xsi="http://www.w3.org/2001/XMLSchema-instance"
    xsi:schemaLocation="http://www.loc.gov/MARC21/slim http://www.loc.gov/standards/marcxml/schema/MARC21slim.xsd"
    xmlns="http://www.loc.gov/MARC21/slim">

  <leader>01137nam0a2200289   4500</leader>
  <controlfield tag="001">RU\NLR\bibl\557134</controlfield>
  <controlfield tag="005">20260407080045.0</controlfield>
  <datafield tag="021" ind1=" " ind2=" ">
    <subfield code="a">RU</subfield>
    <subfield code="b">2004-52742</subfield>
    <subfield code="9">2590</subfield>
  </datafield>
  <datafield tag="035" ind1=" " ind2=" ">
    <subfield code="a">(NLR Aleph) 000549272</subfield>
  </datafield>
  <datafield tag="090" ind1=" " ind2=" ">
    <subfield code="a">1462100</subfield>
    <subfield code="c">1462100</subfield>
  </datafield>
  <datafield tag="100" ind1=" " ind2=" ">
    <subfield code="a">20040930d2004    |||y0rusy50      ca</subfield>
  </datafield>
  <datafield tag="101" ind1="0" ind2=" ">
    <subfield code="a">rus</subfield>
  </datafield>
  <datafield tag="102" ind1=" " ind2=" ">
    <subfield code="a">RU</subfield>
  </datafield>
  <datafield tag="105" ind1=" " ind2=" ">
    <subfield code="a">y   |||||||||</subfield>
  </datafield>
  <datafield tag="200" ind1="1" ind2=" ">
    <subfield code="a">&#x41F;&#x447;&#x435;&#x43B;&#x43E;&#x432;&#x43E;&#x434;&#x441;&#x442;&#x432;&#x43E;. &#x41F;&#x440;&#x435;&#x434;&#x43B;&#x43E;&#x436;&#x435;&#x43D;&#x438;&#x44F; &#x434;&#x43B;&#x44F; &#x43F;&#x440;&#x430;&#x43A;&#x442;&#x438;&#x43A;&#x438;</subfield>
    <subfield code="e">[&#x421;&#x431;. &#x43D;&#x43E;&#x440;&#x43C;&#x430;&#x442;. &#x43C;&#x430;&#x442;&#x435;&#x440;&#x438;&#x430;&#x43B;&#x43E;&#x432;]</subfield>
    <subfield code="f">&#x420;&#x43E;&#x441;. &#x430;&#x43A;&#x430;&#x434;. &#x441;.-&#x445;. &#x43D;&#x430;&#x443;&#x43A;, &#x413;&#x43E;&#x441;. &#x43D;&#x430;&#x443;&#x447;. &#x443;&#x447;&#x440;&#x435;&#x436;&#x434;&#x435;&#x43D;&#x438;&#x435; &#x41D;&#x418;&#x418; &#x43F;&#x447;&#x435;&#x43B;&#x43E;&#x432;&#x43E;&#x434;&#x441;&#x442;&#x432;&#x430;</subfield>
  </datafield>
  <datafield tag="210" ind1=" " ind2=" ">
    <subfield code="a">&#x420;&#x44B;&#x431;&#x43D;&#x43E;&#x435;</subfield>
    <subfield code="c">&#x413;&#x41D;&#x423; &#x41D;&#x418;&#x418;&#x41F;</subfield>
    <subfield code="d">2004</subfield>
  </datafield>
  <datafield tag="215" ind1=" " ind2=" ">
    <subfield code="a">48 &#x441;.</subfield>
    <subfield code="d">20</subfield>
  </datafield>
  <datafield tag="606" ind1="0" ind2=" ">
    <subfield code="a">&#x41F;&#x447;&#x435;&#x43B;&#x44B;</subfield>
    <subfield code="j">&#x421;&#x442;&#x430;&#x43D;&#x434;&#x430;&#x440;&#x442;&#x44B;</subfield>
    <subfield code="x">&#x41A;&#x43E;&#x440;&#x43C;&#x430; &#x438; &#x43A;&#x43E;&#x440;&#x43C;&#x43B;&#x435;&#x43D;&#x438;&#x435;</subfield>
    <subfield code="9">1381609</subfield>
    <subfield code="3">RU\NLR\auth\66579917</subfield>
  </datafield>
  <datafield tag="606" ind1="0" ind2=" ">
    <subfield code="a">&#x41F;&#x430;&#x441;&#x435;&#x43A;&#x438;</subfield>
    <subfield code="j">&#x421;&#x442;&#x430;&#x43D;&#x434;&#x430;&#x440;&#x442;&#x44B;</subfield>
    <subfield code="x">&#x41E;&#x431;&#x43E;&#x440;&#x443;&#x434;&#x43E;&#x432;&#x430;&#x43D;&#x438;&#x435;</subfield>
    <subfield code="9">1815861</subfield>
    <subfield code="3">RU\NLR\auth\66819676</subfield>
  </datafield>
  <datafield tag="686" ind1=" " ind2=" ">
    <subfield code="a">&#x41F;691-4</subfield>
  </datafield>
  <datafield tag="686" ind1=" " ind2=" ">
    <subfield code="a">&#x41F;691-683</subfield>
  </datafield>
  <datafield tag="712" ind1="0" ind2="2">
    <subfield code="4">570</subfield>
    <subfield code="a">&#x41D;&#x418;&#x418; &#x43F;&#x447;&#x435;&#x43B;&#x43E;&#x432;&#x43E;&#x434;&#x441;&#x442;&#x432;&#x430;</subfield>
    <subfield code="c">&#x420;&#x44B;&#x431;&#x43D;&#x43E;&#x435;</subfield>
    <subfield code="3">RU\NLR\AUTH\884602</subfield>
    <subfield code="9">280747</subfield>
  </datafield>
  <datafield tag="801" ind1=" " ind2="0">
    <subfield code="a">RU</subfield>
    <subfield code="b">NLR</subfield>
    <subfield code="c">20040930</subfield>
    <subfield code="g">PSBO</subfield>
  </datafield>
  <datafield tag="801" ind1=" " ind2="1">
    <subfield code="a">RU</subfield>
    <subfield code="b">NLR</subfield>
    <subfield code="c">20040930</subfield>
  </datafield>
  <datafield tag="942" ind1=" " ind2=" ">
    <subfield code="c">BOOK</subfield>
  </datafield>
  <datafield tag="980" ind1=" " ind2=" ">
    <subfield code="a">NB</subfield>
  </datafield>
  <datafield tag="995" ind1=" " ind2=" ">
    <subfield code="5">2004-09-30</subfield>
    <subfield code="a">ad</subfield>
    <subfield code="b">NLR01</subfield>
    <subfield code="c">NLR01</subfield>
    <subfield code="e">NTD</subfield>
    <subfield code="f">1-682190</subfield>
    <subfield code="k">&#x41F;&#x442; 2004-1/95</subfield>
    <subfield code="o">0</subfield>
    <subfield code="r">BOOK</subfield>
    <subfield code="s">_2004195</subfield>
  </datafield>
  <datafield tag="995" ind1=" " ind2=" ">
    <subfield code="5">2004-09-30</subfield>
    <subfield code="a">ad</subfield>
    <subfield code="b">NLR01</subfield>
    <subfield code="c">NLR01</subfield>
    <subfield code="e">NTD04</subfield>
    <subfield code="f">1-682191</subfield>
    <subfield code="k">&#x41F;&#x442; 2004-1/95</subfield>
    <subfield code="o">0</subfield>
    <subfield code="r">BOOK</subfield>
    <subfield code="s">_2004195</subfield>
  </datafield>
</record>
